[Event "Sant Andreu Tram-A"]
[Site "Barcelona"]
[Date "2019.10.19"]
[Round "5"]
[White "Collell Rodriguez, Victor"]
[Black "Ramon Herraez, Alex"]
[Result "1-0"]
[WhiteElo "1973"]
[BlackElo "1874"]
[PlyCount "53"]
[EventDate "2019.09.14"]
[EventType "tourn"]
[EventRounds "9"]
[EventCountry "ESP"]
[SourceTitle "CBM 195 Extra"]
[Source "ChessBase"]
[SourceDate "2020.05.31"]
[SourceVersion "1"]
[SourceVersionDate "2020.05.31"]
[SourceQuality "1"]

1. e4 d5 2. exd5 Nf6 3. Nf3 Qxd5 4. Nc3 Qd6 5. d4 a6 6. Be2 Nc6 7. 0-0 Bg4 8. h3 Bh5 9. Be3 h6 10. Qd2 0-0-0 11. Rfd1 e6 12. a3 g5 13. b4 g4 14. Ne5 Be7 15. Nxc6 Qxc6 16. b5 axb5 17. Nxb5 Kb8 18. Bf4 Nd5 19. hxg4 Bxg4 20. Bxg4 Qxb5 21. Rab1 Qd7 22. Bf3 b6 23. Rxb6+ Nxb6 24. Qa5 Bd6 25. Rb1 c6 26. Qxb6+ Kc8 27. Qa6+ 1-0

[Event "Barcelona Sant Marti op-B 21st"]
[Site "Barcelona"]
[Date "2019.07.16"]
[Round "4"]
[White "Ramon Herraez, Alex"]
[Black "Perez Garcia, Jose Miguel"]
[Result "1-0"]
[WhiteElo "1776"]
[BlackElo "1928"]
[PlyCount "159"]
[EventDate "2019.07.13"]
[EventType "swiss"]
[EventRounds "9"]
[EventCountry "ESP"]
[SourceTitle "EXT 2020"]
[Source "ChessBase"]
[SourceDate "2019.10.17"]
[SourceVersion "1"]
[SourceVersionDate "2019.10.17"]
[SourceQuality "1"]

1. d4 Nf6 2. Nf3 g6 3. Bf4 Bg7 4. e3 0-0 5. Be2 d6 6. h3 Nbd7 7. 0-0 c6 8. c4 Qe8 9. Nc3 e5 10. Bh2 Qe7 11. b4 Ne8 12. b5 f5 13. bxc6 bxc6 14. Qa4 Nb6 15. Qxc6 Bb7 16. Qb5 Nc7 17. Qb3 Kh8 18. dxe5 dxe5 19. Rad1 Rab8 20. Qc2 Bc6 21. Nb5 Na6 22. Bg3 h6 23. a3 Rbc8 24. Qb1 Na4 25. Rc1 g5 26. Rfe1 N6c5 27. Bf1 Be4 28. Qa2 Bc6 29. Nd2 Rfd8 30. Nb3 Rd7 31. Nxc5 Qxc5 32. Qb3 Nb6 33. a4 a6 34. a5 Na8 35. Qa3 Bb7 36. Qxc5 Rxc5 37. Nc3 Rxa5 38. Rb1 Rc5 39. Red1 Rcc7 40. Nd5 Rc8 41. f3 f4 42. Bf2 fxe3 43. Nxe3 Rcd8 44. Rxd7 Rxd7 45. Nf5 e4 46. fxe4 Bxe4 47. Rb8+ Kh7 48. Nxg7 Kxg7 49. Re8 Bc6 50. Re6 Bb7 51. c5 Nc7 52. Rb6 Nd5 53. Bd4+ Kf8 54. Rxh6 Nf4 55. Bc4 Bd5 56. c6 Rc7 57. Rh8+ Kf7 58. Rh7+ Ke6 59. Rxc7 Bxc4 60. Be3 Nd5 61. Rc8 Nxe3 62. Re8+ Kd6 63. Rxe3 Kxc6 64. Re5 Bd5 65. Rxg5 a5 66. Rg3 a4 67. Ra3 Kb5 68. g4 Kb4 69. Ra1 a3 70. Kf2 Kb3 71. Ke3 Kb2 72. Rxa3 Kxa3 73. h4 Kb4 74. Kd4 Bf3 75. g5 Bh5 76. Ke5 Kc5 77. Kf6 Kd6 78. g6 Bxg6 79. Kxg6 Ke7 80. Kg7 1-0

[Event "Barcelona Sant Marti op-B 19th"]
[Site "Barcelona"]
[Date "2017.07.21"]
[Round "9"]
[White "Bois D`Enghien, Noumea"]
[Black "Ramon Herraez, Alex"]
[Result "0-1"]
[WhiteElo "1270"]
[BlackElo "1694"]
[PlyCount "122"]
[EventDate "2017.07.13"]
[EventType "swiss"]
[EventRounds "9"]
[EventCountry "ESP"]
[SourceTitle "EXT 2018"]
[Source "ChessBase"]
[SourceDate "2017.10.13"]
[SourceVersion "1"]
[SourceVersionDate "2017.10.13"]
[SourceQuality "1"]

1. e4 d5 2. exd5 Qxd5 3. Nc3 Qd6 4. Nf3 Nf6 5. Bc4 a6 6. Qe2 b5 7. Bb3 Bb7 8. d3 e6 9. Bg5 Be7 10. 0-0-0 0-0 11. Ne4 Nxe4 12. dxe4 Bxg5+ 13. Nxg5 Qf4+ 14. Qd2 Qxd2+ 15. Rxd2 h6 16. Nxe6 fxe6 17. Bxe6+ Kh8 18. f3 c5 19. Bf5 Nc6 20. Rhd1 Rfd8 21. Rxd8+ Rxd8 22. Rxd8+ Nxd8 23. Kd2 Kg8 24. g4 Kf8 25. Bg6 Ne6 26. Ke3 Ke7 27. h4 Kf6 28. Be8 Ke5 29. c3 Nf4 30. h5 Bc8 31. Bc6 g6 32. hxg6 Nxg6 33. Be8 Nf4 34. Bc6 h5 35. gxh5 Nxh5 36. Be8 Nf6 37. f4+ Ke6 38. Bg6 Bb7 39. Bf5+ Ke7 40. Bg6 Bc6 41. Bf5 a5 42. a3 a4 43. Bg6 Bd7 44. e5 Nd5+ 45. Ke4 Bc6 46. Kf5 Ne3+ 47. Kg5 Nd1 48. f5 Bd5 49. Kh6 Kf8 50. f6 Be6 51. Kg5 Ne3 52. Kf4 Nc4 53. Bf5 Kf7 54. Ke4 Nb6 55. Kf4 Nd5+ 56. Kg5 Nc7 57. Be4 Bc4 58. Bc6 Ke6 59. Kg6 Kxe5 60. f7 Ne6 61. Bd7 Nf8+ 0-1

[Event "Montcada op-C 25th"]
[Site "Montcada"]
[Date "2017.07.02"]
[Round "8"]
[White "Vegara Gallego, Pere"]
[Black "Ramon Herraez, Alex"]
[Result "0-1"]
[WhiteElo "1619"]
[BlackElo "1654"]
[PlyCount "52"]
[EventDate "2017.06.26"]
[EventType "swiss"]
[EventRounds "9"]
[EventCountry "ESP"]
[SourceTitle "EXT 2018"]
[Source "ChessBase"]
[SourceDate "2017.10.13"]
[SourceVersion "1"]
[SourceVersionDate "2017.10.13"]
[SourceQuality "1"]

1. Nf3 d5 2. e3 Nf6 3. Be2 Bf5 4. b3 e6 5. 0-0 Be7 6. Bb2 0-0 7. d4 c5 8. Nbd2 Nc6 9. c4 dxc4 10. Nxc4 Qc7 11. a3 Rfd8 12. Qc1 cxd4 13. Nxd4 Nxd4 14. Bxd4 Ng4 15. Bxg4 Bxg4 16. Qb2 Bf8 17. Rac1 Qe7 18. b4 Qg5 19. Ne5 Bf5 20. Bc5 Be4 21. Bxf8 Rxf8 22. Rc5 Qh6 23. Rfc1 Rad8 24. R5c4 Bd3 25. Nxd3 Rxd3 26. Qe2 Rxa3 0-1

[Event "Sabadell op-B 9th"]
[Site "Sabadell"]
[Date "2016.09.02"]
[Round "2"]
[White "Costa Trave, Jaume"]
[Black "Ramon Herraez, Alex"]
[Result "1-0"]
[WhiteElo "1917"]
[BlackElo "1717"]
[PlyCount "55"]
[EventDate "2016.09.01"]
[EventType "swiss"]
[EventRounds "9"]
[EventCountry "ESP"]
[SourceTitle "CBM 174 Extra"]
[Source "ChessBase"]
[SourceDate "2016.10.10"]
[SourceVersion "1"]
[SourceVersionDate "2016.10.10"]
[SourceQuality "1"]

1. f4 d5 2. Nf3 Nf6 3. e3 g6 4. d4 Bg7 5. Bd3 c5 6. c3 0-0 7. 0-0 b6 8. Ne5 Bb7 9. Nd2 Nbd7 10. Qf3 e6 11. b3 Qc7 12. Bb2 Rac8 13. Rac1 Rfd8 14. Qh3 Qd6 15. Ndf3 cxd4 16. exd4 a6 17. Ng5 Rf8 18. a4 h6 19. Ngxf7 Rxf7 20. Bxg6 Rff8 21. Ra1 Qc7 22. Qxe6+ Kh8 23. Ba3 Nxe5 24. fxe5 Rce8 25. Bxe8 Rxe8 26. Qh3 Ne4 27. Rae1 Ng5 28. Qh5 1-0

[Event "Roncana op-B 9th"]
[Site "Santa Eulalia de Roncana"]
[Date "2015.10.17"]
[Round "2"]
[White "Ramon Herraez, Alex"]
[Black "Gonzalez Navarro, Carlos Manuel"]
[Result "1-0"]
[WhiteElo "1816"]
[BlackElo "1689"]
[PlyCount "73"]
[EventDate "2015.10.03"]
[EventType "swiss"]
[EventRounds "8"]
[EventCountry "ESP"]
[SourceTitle "EXT 2017"]
[Source "ChessBase"]
[SourceDate "2016.10.25"]
[SourceVersion "1"]
[SourceVersionDate "2016.10.25"]
[SourceQuality "1"]

1. d4 d5 2. Nf3 Bg4 3. Bf4 e6 4. e3 Nc6 5. Be2 Nf6 6. h3 Bh5 7. 0-0 h6 8. c4 g5 9. Bh2 Bd6 10. Bxd6 Qxd6 11. Nc3 g4 12. c5 Qe7 13. Nh2 g3 14. Bxh5 gxh2+ 15. Kxh2 0-0-0 16. Rb1 Rdg8 17. Bf3 Rg5 18. b4 Rhg8 19. Rg1 Qd7 20. b5 Na5 21. Qa4 b6 22. Rbc1 Nh5 23. Nb1 f5 24. Nd2 a6 25. cxb6 Qxb5 26. Rxc7+ Kb8 27. Qxb5 axb5 28. Rgc1 R8g7 29. Rxg7 Rxg7 30. Bxh5 Kb7 31. Rb1 Kxb6 32. a4 Rc7 33. Rxb5+ Ka6 34. Be2 Rb7 35. Rxd5+ Kb6 36. Rb5+ Ka6 37. Rxf5+ 1-0

[Event "Llinars del Valles op-B 8th"]
[Site "Llinars del Valles"]
[Date "2015.05.16"]
[Round "6"]
[White "Solans Rodriguez, Marc"]
[Black "Ramon Herraez, Alex"]
[Result "0-1"]
[WhiteElo "1712"]
[BlackElo "1897"]
[PlyCount "88"]
[EventDate "2015.04.11"]
[EventType "swiss"]
[EventRounds "9"]
[EventCountry "ESP"]
[SourceTitle "EXT 2016"]
[Source "ChessBase"]
[SourceDate "2015.10.08"]
[SourceVersion "1"]
[SourceVersionDate "2015.10.08"]
[SourceQuality "1"]

1. d4 d5 2. c4 c6 3. Nc3 Nf6 4. e3 a6 5. a3 Bf5 6. Nf3 h6 7. Bd3 Bxd3 8. Qxd3 e6 9. 0-0 Be7 10. Re1 0-0 11. cxd5 cxd5 12. e4 dxe4 13. Nxe4 Nxe4 14. Rxe4 Nc6 15. Rg4 Bf6 16. Bxh6 Re8 17. Bxg7 Bxg7 18. Ng5 f5 19. Rg3 Qxd4 20. Qb3 Qxb2 21. Qxb2 Bxb2 22. Nxe6+ Kf7 23. Ng5+ Ke7 24. Re1+ Kd6 25. Nf7+ Kc7 26. Rxe8 Rxe8 27. h3 Re1+ 28. Kh2 Be5 29. Nxe5 Rxe5 30. Rg7+ Kb6 31. g4 fxg4 32. hxg4 Nd4 33. g5 Nf3+ 34. Kg3 Rxg5+ 35. Rxg5 Nxg5 36. f4 Nf7 37. Kg4 Kc7 38. f5 Kd7 39. Kh5 Ke7 40. Kg6 b5 41. Kg7 a5 42. f6+ Ke6 43. Kg6 b4 44. axb4 axb4 0-1

[Event "Llinars del Valles op-B 8th"]
[Site "Llinars del Valles"]
[Date "2015.04.25"]
[Round "3"]
[White "Homs Jimenez, Pau"]
[Black "Ramon Herraez, Alex"]
[Result "1-0"]
[WhiteElo "1716"]
[BlackElo "1897"]
[PlyCount "75"]
[EventDate "2015.04.11"]
[EventType "swiss"]
[EventRounds "9"]
[EventCountry "ESP"]
[SourceTitle "EXT 2016"]
[Source "ChessBase"]
[SourceDate "2015.10.08"]
[SourceVersion "1"]
[SourceVersionDate "2015.10.08"]
[SourceQuality "1"]

1. c4 c6 2. d4 d5 3. Nf3 Nf6 4. g3 e6 5. Bg2 Be7 6. 0-0 0-0 7. Nbd2 Nbd7 8. e3 Re8 9. b3 Bb4 10. Bb2 Bxd2 11. Qxd2 dxc4 12. bxc4 Nb6 13. Qc2 Bd7 14. Ne5 Qe7 15. a4 a5 16. Qb3 Qb4 17. Qxb4 axb4 18. a5 Nc8 19. a6 Rxa6 20. Rxa6 bxa6 21. Bxc6 Bxc6 22. Nxc6 Nb6 23. Rc1 Nfd7 24. Nxb4 a5 25. Nc6 Ra8 26. Ba3 h6 27. c5 Nd5 28. Rc4 N7f6 29. Ra4 Ne4 30. Rxa5 Rxa5 31. Nxa5 f5 32. c6 Kf7 33. f3 Nef6 34. Nb7 Ke8 35. Nc5 Kf7 36. e4 fxe4 37. fxe4 Nxe4 38. Nxe4 1-0

[Event "Roncana op-B 8th"]
[Site "Santa Eulalia de Roncana"]
[Date "2014.11.15"]
[Round "5"]
[White "Ramon Herraez, Alex"]
[Black "Sentis Baena, Samuel"]
[Result "1-0"]
[WhiteElo "1859"]
[BlackElo "1740"]
[PlyCount "131"]
[EventDate "2014.10.11"]
[EventType "swiss"]
[EventRounds "8"]
[EventCountry "ESP"]
[SourceTitle "EXT 2016"]
[Source "ChessBase"]
[SourceDate "2015.10.08"]
[SourceVersion "1"]
[SourceVersionDate "2015.10.08"]
[SourceQuality "1"]

1. d4 d5 2. Nf3 Nf6 3. Bf4 b6 4. e3 e6 5. Be2 c5 6. c3 Bd6 7. Bxd6 Qxd6 8. 0-0 Nc6 9. Nbd2 0-0 10. Bb5 e5 11. Bxc6 Qxc6 12. Nxe5 Qe6 13. Nef3 Ne4 14. Qc2 Qg6 15. Rfd1 Bf5 16. Nxe4 Bxe4 17. Qe2 c4 18. Ne1 f5 19. f3 Bd3 20. Nxd3 cxd3 21. Qxd3 Rfe8 22. Re1 Re7 23. Qf1 Rae8 24. Qf2 Qg5 25. f4 Qf6 26. Re2 g5 27. Rae1 gxf4 28. exf4 Re4 29. Rxe4 fxe4 30. g3 Qe6 31. Kg2 a5 32. f5 Qf6 33. Qf4 Rf8 34. g4 h5 35. h3 Qh4 36. Qg3 Qg5 37. Re2 Kg7 38. Qe5+ Qf6 39. Qxd5 hxg4 40. hxg4 Re8 41. Rxe4 Rxe4 42. Qxe4 Qf7 43. Qe5+ Kh7 44. d5 Qd7 45. d6 Kg8 46. Qe6+ Qf7 47. Qxf7+ Kxf7 48. g5 b5 49. g6+ Kf8 50. d7 Ke7 51. g7 Kxd7 52. g8Q b4 53. cxb4 axb4 54. Qb3 Kd6 55. Qxb4+ Ke5 56. Qc4 Kxf5 57. b4 Ke5 58. b5 Kd6 59. b6 Kd7 60. b7 Kd8 61. b8Q+ Kd7 62. Qcc7+ Ke6 63. Qe8+ Kf6 64. Qcf7+ Kg5 65. Qeg8+ Kh4 66. Qfh7# 1-0

[Event "Roncana op-B 8th"]
[Site "Santa Eulalia de Roncana"]
[Date "2014.11.01"]
[Round "3"]
[White "Cervello Tost, Jordi"]
[Black "Ramon Herraez, Alex"]
[Result "0-1"]
[WhiteElo "1727"]
[BlackElo "1859"]
[PlyCount "120"]
[EventDate "2014.10.11"]
[EventType "swiss"]
[EventRounds "8"]
[EventCountry "ESP"]
[SourceTitle "EXT 2016"]
[Source "ChessBase"]
[SourceDate "2015.10.08"]
[SourceVersion "1"]
[SourceVersionDate "2015.10.08"]
[SourceQuality "1"]

1. e4 d5 2. exd5 Nf6 3. Bb5+ Bd7 4. Bc4 Bg4 5. f3 Bf5 6. Nc3 Nbd7 7. d4 Nb6 8. Bb3 Nbxd5 9. Nge2 Nxc3 10. Nxc3 e6 11. a3 Be7 12. 0-0 0-0 13. Ne2 c5 14. c3 cxd4 15. Qxd4 Qxd4+ 16. Nxd4 Bg6 17. Bc2 Bxc2 18. Nxc2 Rfd8 19. Bg5 Nd5 20. Bxe7 Nxe7 21. Rad1 h6 22. f4 Nf5 23. g4 Ne7 24. Ne3 Nc6 25. Nc4 Rxd1 26. Rxd1 Rd8 27. Rxd8+ Nxd8 28. Nd6 Kf8 29. c4 Ke7 30. c5 f6 31. Nc8+ Kd7 32. Nxa7 e5 33. f5 Nf7 34. h4 Nd8 35. Kf2 Nf7 36. Ke3 Kc7 37. b4 Kd7 38. a4 Nd8 39. Ke4 Nf7 40. Kd5 Nd8 41. b5 Kc7 42. b6+ Kd7 43. Nb5 Nc6 44. Nd6 Nd8 45. Kc4 Ke7 46. a5 Kd7 47. Kb5 Ke7 48. a6 bxa6+ 49. Kxa6 Kd7 50. b7 Nc6 51. Kb6 Nb8 52. Nc4 Nc6 53. Na5 Nb8 54. c6+ Kd6 55. c7 Nd7+ 56. Ka7 Kxc7 57. Nb3 e4 58. Nc5 Nb8 59. Na6+ Nxa6 60. Kxa6 Kb8 0-1

[Event "Barcelona Sant Marti op-B 16th"]
[Site "Barcelona"]
[Date "2014.07.15"]
[Round "3"]
[White "Ramon Herraez, Alex"]
[Black "Riera Danes, Manel"]
[Result "0-1"]
[WhiteElo "1832"]
[BlackElo "2048"]
[PlyCount "72"]
[EventDate "2014.07.13"]
[EventType "swiss"]
[EventRounds "9"]
[EventCountry "ESP"]
[SourceTitle "CBM 161 Extra"]
[Source "ChessBase"]
[SourceDate "2014.08.29"]
[SourceVersion "1"]
[SourceVersionDate "2014.08.29"]
[SourceQuality "1"]

1. d4 d5 2. Bf4 e6 3. e3 Nf6 4. Nf3 Be7 5. Be2 Nbd7 6. 0-0 0-0 7. c4 c5 8. cxd5 Nxd5 9. Bg3 N7f6 10. dxc5 Bxc5 11. Nbd2 Qb6 12. Nb3 Be7 13. Nfd4 Bd7 14. Rc1 Rac8 15. Qd3 Nb4 16. Qb1 a6 17. a3 Nc6 18. Nxc6 Bxc6 19. Nd4 Be4 20. Qa1 Bg6 21. Rfd1 Ne4 22. Rxc8 Rxc8 23. Rc1 Qd8 24. Bf3 Nxg3 25. hxg3 Rc7 26. Rxc7 Qxc7 27. Qd1 Bf6 28. Qb3 e5 29. Ne2 b6 30. Qa4 Qc8 31. Bb7 Qd8 32. Qxa6 Bd3 33. Qa4 Bxe2 34. Bd5 Bh5 35. Ba2 Qd1+ 36. Qxd1 Bxd1 0-1

[Event "Foment Martinenc op-C 16th"]
[Site "Barcelona"]
[Date "2014.06.07"]
[Round "7"]
[White "Ramon Herraez, Alex"]
[Black "Sanchez Viana, Jordi"]
[Result "1-0"]
[WhiteElo "1769"]
[BlackElo "1850"]
[PlyCount "83"]
[EventDate "2014.04.26"]
[EventType "swiss"]
[EventRounds "9"]
[EventCountry "ESP"]
[SourceTitle "EXT 2015"]
[Source "ChessBase"]
[SourceDate "2014.11.20"]
[SourceVersion "1"]
[SourceVersionDate "2014.11.20"]
[SourceQuality "1"]

1. d4 d5 2. Bf4 Nf6 3. e3 Bf5 4. Be2 e6 5. Nf3 Bd6 6. Bxd6 Qxd6 7. 0-0 0-0 8. c4 dxc4 9. Bxc4 Nbd7 10. Nc3 a6 11. Be2 Rfd8 12. Rc1 Rac8 13. Bd3 Bxd3 14. Qxd3 Ne5 15. Nxe5 Qxe5 16. dxe5 Rxd3 17. exf6 Rd2 18. b3 Rcd8 19. Rcd1 gxf6 20. Rxd2 Rxd2 21. h3 b5 22. Rc1 b4 23. Ne4 Rxa2 24. Rxc7 Rb2 25. Nc5 a5 26. Ra7 Rc2 27. Rxa5 Kg7 28. Nd3 Rc3 29. Nxb4 Rxb3 30. Nc2 e5 31. Rc5 Kg6 32. Kh2 Rd3 33. Kg3 Rd2 34. Ne1 h5 35. Nf3 Rd1 36. Nh4+ Kg7 37. Rc7 Rd2 38. Nf5+ Kg6 39. Ne7+ Kg7 40. Rc8 Rd7 41. Nf5+ Kg6 42. e4 1-0